000 00401nam a2200145Ia 4500
008 210719s2003 xx 000 0 und d
041 _aeng
082 _a510KAK NARF
100 _aNARLIKAR (Jayant V) and NARLIKAR (Mangala)
245 _aFun and fundamentals of mathematics.
260 _aHyderabad
_bUniversities Press
_c2003
300 _avi,194
_bPB
365 _b200
_cRs
650 _aMathematics
999 _c213805
_d213805